000 00963nam a2200217Ia 4500
999 _c55994
_d55994
001 23093
003 GE_BSU
005 20230711114052.0
008 181216s1951||||ge |||||||||||||| ||geo||
040 _cGE_BSU
080 _a821.111-22 შ-56
100 _aშექსპირი, უილიამ
_919234
245 _aრომეო და ჯულიეტა ; ვენეციელი ვაჭარი /
_cუილიამ შექსპირი ; თარგმ. : ინგლისურიდან ვახტანგ ჭელიძისა.
264 _aთბილისი :
_bსაბლიტგამი,
_c1951.
300 _a280 გვ. ;
_c 22 სმ.
541 _h2 ლ. 40 თ.
653 _aრომეო და ჯულიეტა
653 _a ვენეციელი ვაჭარი
700 _aჭელიძე, ვახტანგ
_eმთარგმნელი
_919235
942 _cBK
_2udc